A JUVENTUS FOOTBALL CLUB S.P.A. KOMPLEX ELEMZÉSE 2013/2014-2017/2018

Bibliográfiai részletek
Szerző: Kliment Pál Péter
További közreműködők: Szekeres Dr. Bernadett
Dokumentumtípus: Diplomadolgozat
Kulcsszavak:Labdarúgás
IFRS
Elemzés
Online Access:http://dolgozattar.uni-bge.hu/22504

MARC

LEADER 00000nta a2200000 i 4500
001 dolg22504
005 20190516154436.0
008 190516suuuu hu om 000 hun d
040 |a BGE Dolgozattár Repozitórium  |b hun 
041 |a hu 
100 1 |a Kliment Pál Péter 
245 1 2 |a A JUVENTUS FOOTBALL CLUB S.P.A. KOMPLEX ELEMZÉSE 2013/2014-2017/2018  |c Kliment Pál Péter  |h [elektronikus dokumentum] 
695 |a Labdarúgás 
695 |a IFRS 
695 |a Elemzés 
700 1 |a Szekeres Dr. Bernadett  |e ths 
856 4 0 |u http://dolgozattar.uni-bge.hu/22504/2/I4Y7ZE_Szakdolgozat.pdf  |z Dokumentum-elérés